<?xml version="1.0" encoding="UTF-8"?>
<record
    xmlns:xsi="http://www.w3.org/2001/XMLSchema-instance"
    xsi:schemaLocation="http://www.loc.gov/MARC21/slim http://www.loc.gov/standards/marcxml/schema/MARC21slim.xsd"
    xmlns="http://www.loc.gov/MARC21/slim">

  <leader>02397nam a22002057a 4500</leader>
  <controlfield tag="008">121105t        xxu||||| |||| 00| 0 eng d</controlfield>
  <datafield tag="020" ind1=" " ind2=" ">
    <subfield code="a">0619255145</subfield>
  </datafield>
  <datafield tag="050" ind1=" " ind2=" ">
    <subfield code="a">QA76.73.B3.S3</subfield>
  </datafield>
  <datafield tag="100" ind1=" " ind2=" ">
    <subfield code="a">Shelly, Gary B.</subfield>
  </datafield>
  <datafield tag="245" ind1=" " ind2=" ">
    <subfield code="a">Programming fundamentals using microsoft visual basic .NET /</subfield>
    <subfield code="c">Gary B. Shelly, Thomas J. Cashman and Jeffery J. Quasney</subfield>
  </datafield>
  <datafield tag="260" ind1=" " ind2=" ">
    <subfield code="a">Australia:</subfield>
    <subfield code="b">Thomson,</subfield>
    <subfield code="c">c2006.</subfield>
  </datafield>
  <datafield tag="300" ind1=" " ind2=" ">
    <subfield code="a">viii, 144 p.:</subfield>
    <subfield code="b">ill.;</subfield>
    <subfield code="c">27cm.</subfield>
  </datafield>
  <datafield tag="500" ind1=" " ind2=" ">
    <subfield code="a">Includes index.</subfield>
  </datafield>
  <datafield tag="505" ind1=" " ind2=" ">
    <subfield code="a">Contents: An Introduction to programming: Designing the commission calculator program -- An Overview of a visual basic .NET program: working in the visual basic .NET programming environment -- Variables, data types, and  interacting with the user -- Numeric expressions and operator precedence -- Saving, testing, and documenting the program -- Using help -- Chapter summary -- Key terms -- Homework assignments -- Programming assignments -- Decision making: Objectives -- Introduction -- Adding decision making to the commission calculator program -- The If... then...  else... statement -- Coding if...then...else structures -- Logical operators -- Using constants in code -- Coding the commission calculator program -- The Select case statement -- Chapter summary -- Key terms -- Homework assignments -- Programming assignments -- Repetition and arrays: Objectives -- Introduction -- Coding an array and loop in the modified commission calculator program -- Arrays -- Repetition and the do statement -- The For... next statement -- Chapter summary -- Key terms -- Homework assignments -- Programming assignments -- Windows applications and function procedures: Objectives -- Introduction -- Starting a new window application -- Working with form properties for a windows application -- Working with controls -- Controls and control properties -- Coding events, functions, and procedures -- Chapter summary  -- Key terms -- Homework assignments -- Programming assignments -- Appendix A: Flowcharting and pseudocode -- Appendix B: Exploring the visual basic .NET IDE and debugging -- Appendix C: General forms of common visual basic .NET statements, data types and naming conventions -- Appendix D: Programming fundamentals best practices. </subfield>
  </datafield>
  <datafield tag="650" ind1=" " ind2=" ">
    <subfield code="b">Microsoft Visual BASIC. </subfield>
  </datafield>
  <datafield tag="650" ind1=" " ind2=" ">
    <subfield code="a">BASIC (Computer program language) </subfield>
  </datafield>
  <datafield tag="700" ind1=" " ind2=" ">
    <subfield code="a">Cashman, Thomas J.</subfield>
  </datafield>
  <datafield tag="700" ind1=" " ind2=" ">
    <subfield code="a">Quasney, Jeffrey J.</subfield>
  </datafield>
  <datafield tag="942" ind1=" " ind2=" ">
    <subfield code="2">lcc</subfield>
    <subfield code="c">BK</subfield>
  </datafield>
  <datafield tag="999" ind1=" " ind2=" ">
    <subfield code="c">2504</subfield>
    <subfield code="d">10004</subfield>
  </datafield>
  <datafield tag="952" ind1=" " ind2=" ">
    <subfield code="0">0</subfield>
    <subfield code="1">0</subfield>
    <subfield code="2">lcc</subfield>
    <subfield code="4">0</subfield>
    <subfield code="7">0</subfield>
    <subfield code="a">WIUC-1</subfield>
    <subfield code="b">WIUC-1</subfield>
    <subfield code="c">REF</subfield>
    <subfield code="d">2012-11-05</subfield>
    <subfield code="l">0</subfield>
    <subfield code="o">QA76.73.B3.S3</subfield>
    <subfield code="p">6237/12</subfield>
    <subfield code="r">2012-11-05 00:00:00</subfield>
    <subfield code="t">1</subfield>
    <subfield code="w">2012-11-05</subfield>
    <subfield code="y">BK</subfield>
  </datafield>
  <datafield tag="952" ind1=" " ind2=" ">
    <subfield code="0">0</subfield>
    <subfield code="1">0</subfield>
    <subfield code="2">lcc</subfield>
    <subfield code="4">0</subfield>
    <subfield code="7">0</subfield>
    <subfield code="a">WIUC-1</subfield>
    <subfield code="b">WIUC-1</subfield>
    <subfield code="c">REF</subfield>
    <subfield code="d">2012-11-05</subfield>
    <subfield code="l">0</subfield>
    <subfield code="o">QA76.73.B3.S31</subfield>
    <subfield code="p">6238/12</subfield>
    <subfield code="r">2012-11-05 00:00:00</subfield>
    <subfield code="t">2</subfield>
    <subfield code="w">2012-11-05</subfield>
    <subfield code="y">BK</subfield>
  </datafield>
  <datafield tag="952" ind1=" " ind2=" ">
    <subfield code="0">0</subfield>
    <subfield code="1">0</subfield>
    <subfield code="2">lcc</subfield>
    <subfield code="4">0</subfield>
    <subfield code="7">0</subfield>
    <subfield code="a">WIUC-1</subfield>
    <subfield code="b">WIUC-1</subfield>
    <subfield code="c">REF</subfield>
    <subfield code="d">2012-11-05</subfield>
    <subfield code="l">0</subfield>
    <subfield code="o">QA76.73.B3.S32</subfield>
    <subfield code="p">6239/12</subfield>
    <subfield code="r">2012-11-05 00:00:00</subfield>
    <subfield code="t">3</subfield>
    <subfield code="w">2012-11-05</subfield>
    <subfield code="y">BK</subfield>
  </datafield>
</record>
